Pilotes de F1 qui ont roulé chez Red Bull - Mort Subite - Statistiques

Statistiques générales
  • Ce quiz a été pris 781 fois
    294 depuis la dernière actualisation
  • Le résultat moyen est 7 sur 13
Answers on the Grid
Answers color-coded by a green-red scale on the quiz's grid according to % correct below.
Max Verstappen
Mark Webber
Sebastian Vettel
Daniel Ricciardo
Sergio Pérez
David Coulthard
Christian Klien
Alexander Albon
Danill Kvyat
Pierre Gasly
Vitantonio Liuzzi
Robert Doornbos
Scott Speed
Robert Kubica
Jarno Trulli
Fernando Alonso
Isack Hadjar
Jake Dennis
Carlos Sainz Jr.
Nico Hülkenberg
Jean-Éric Vergne
Pascal Wehrlein
Valtteri Bottas
Narain Karthikeyan
Nick Heidfeld
Nico Rosberg
 
Statistiques - réponses
Réponse % Correct
Max Verstappen
78%
Pierre Gasly
74%
Sergio Pérez
74%
Isack Hadjar
73%
Sebastian Vettel
73%
Daniel Ricciardo
68%
Mark Webber
66%
Alexander Albon
63%
Danill Kvyat
58%
David Coulthard
43%
Christian Klien
16%
Vitantonio Liuzzi
14%
Robert Doornbos
7%
Aucun quiz correspondant
Distribution des résultats
% des personnes avec chaque résultat
Percentile par nombre de réponses
Votre historique - résultats
Vous n’avez pas pris ce quiz depuis la dernière actualisation